000 00555nam a22001817a 4500
999 _c172734
_d172734
005 20200212114532.0
010 _aENG-127702
020 _c600.00
_a9788193528334
035 _aEN-111234
037 _bDBAD/PUB
082 _aN
100 _aNivedita,Charu
245 _aMarginal Man/
_cby Charu Nivedita
260 _aChennai
_c2018
_bZero Degree Publishing
270 _a12/7,Bay Line Apatments 2nd Cross street,R.K. Nagar,Thiruvanmiyur,
_e110091
_bChennai
_mzerodegreepublishing@gmail.com
300 _a698p.
_b22cm(pbk)
942 _2ddc
_cEN
_hN
_mNIV